000 00740nam a2200193Ia 4500
003 GCL
008 140319s9999 xx 000 0 ara d
040 _aGCL /
_cGCL
082 0 4 _a366.1
_bص م
100 1 _aصابر طعيمة
245 1 0 _aالماسونية ذلك العالم المجهول: دراسة فى الاسرار التنظيمية لليهودية العالمية (هدية من الاديب عبدالفتاح الجمل) /
_cصابر طعيمة
260 _a[S.N] :
_bدار الجيل ،
_c1979
300 _a275 ص
490 _aالهيئة العامة للاستعلامات
_v0
650 0 4 _aالجمعيات السرية
650 0 4 _aالماسونية
650 0 4 _aالصهيونية
942 _2ddc
_cBK
999 _c50336
_d50336